00727nam a2200253 a 4500001001300000003000900013005001700022008004100039020000800080082001700088100002400105245004600129260003200175300000900207500003500216505001000251650001700261650003000278700002400308902000800332942000700340952011300347999001300460nice12345678IN_TiNIC20260116011342.0050524s1960 newa grp 000 0 eng  ac000a306.094bDAW aDawson, Christopher aReligion and the Rise of Western Culture. aNew YorkbImage Booksc1960 a242p aincludes index and biblioraphy2 aIndex aCulture-West aReligion and Culture-West1 aDawson, Christopher bSRS cBK 001040708StackRoom-aHMIbHMId2005-05-24g0.00l0o306.094 DAWp02253r2005-05-24v0.00w2005-05-24yBK c776d776